| Tag |
First Indicator |
Second Indicator |
Subfields |
| LEADER |
00000pam a2200000 a 4500 |
| 001 |
in00000398821 |
| 005 |
20151012053425.0 |
| 008 |
851030s1986 mdu b 00100 eng |
| 010 |
|
|
|a 85024068
|
| 020 |
|
|
|a 0801824974
|
| 035 |
|
|
|a (OCoLC)12837543
|
| 035 |
|
|
|9 ABU4363AM
|
| 040 |
|
|
|a DLC
|c DLC
|d TXA
|d UtOrBLW
|
| 043 |
|
|
|a n-us---
|
| 049 |
|
|
|a TXAM
|c [A09552336]
|
| 050 |
0 |
0 |
|a KF9390.A7
|b T74 1986
|
| 082 |
0 |
|
|a 345.73/0231
|a 347.305231
|2 19
|
| 245 |
0 |
4 |
|a The Tree of liberty :
|b a documentary history of rebellion and political crime in America /
|c edited by Nicholas N. Kittrie and Eldon D. Wedlock, Jr.
|
| 264 |
|
1 |
|a Baltimore :
|b Johns Hopkins University Press,
|c [1986]
|
| 264 |
|
4 |
|c ©1986
|
| 300 |
|
|
|a xlviii, 714 pages ;
|c 28 cm.
|
| 336 |
|
|
|a text
|b txt
|2 rdacontent
|
| 337 |
|
|
|a unmediated
|b n
|2 rdamedia
|
| 338 |
|
|
|a volume
|b nc
|2 rdacarrier
|
| 500 |
|
|
|a "A legal, historical, social, and psychological inquiry into rebellions and political crimes, their causes, suppression, and punishment in the United States."
|
| 500 |
|
|
|a Includes index.
|
| 504 |
|
|
|a Bibliography: pages 685-699.
|
| 650 |
|
0 |
|a Political crimes and offenses
|z United States
|x History
|x Sources.
|
| 650 |
|
0 |
|a Criminal law
|z United States
|x History
|x Sources.
|
| 700 |
1 |
|
|a Kittrie, Nicholas N.,
|d 1928-
|
| 700 |
1 |
|
|a Wedlock, Eldon D.
|
| 999 |
|
|
|a MARS
|
| 999 |
f |
f |
|s 38191728-2436-3635-b78c-cb157404160a
|i 1732f858-dc6d-3ced-a922-96640b1f37b5
|t 0
|
| 952 |
f |
f |
|p ric
|a Texas A&M University
|b Rellis Campus
|c Joint Library Facility
|d Remote Storage
|t 0
|e KF9390.A7 T74 1986
|h Library of Congress classification
|i unmediated -- volume
|m A14809552336
|
| 998 |
f |
f |
|a KF9390.A7 T74 1986
|t 0
|l Remote Storage
|